[Event "Summer II"]
[Site "Alushta UKR"]
[Date "2004.05.23"]
[Round "3"]
[White "Kulicov,O"]
[Black "Zinchenko,Y"]
[Result "1/2-1/2"]
[WhiteElo "2422"]
[BlackElo "2352"]

1.e4 c5 2.c3 Nf6 3.e5 Nd5 4.Nf3 Nc6 5.d4 cxd4 6.Bc4 Nb6 7.Bb3 d5 8.exd6 Qxd6
9.O-O Be6 10.Na3 dxc3 11.Qe2 Bxb3 12.axb3 g6 13.Nb5 Qb8 14.Be3 Nc8 15.Ra4 Bg7
16.Bf4 e5 17.bxc3 O-O 18.Bg3 a6 19.Nbd4 N8a7 20.Re1 Re8 21.Nxc6 Nxc6 22.Re4 f6
23.Qc4+ Kh8 24.Nh4 Ne7 25.Qf7 g5 26.Nf3 Ng6 27.h4 Re7 28.Qd5 h6 29.Rb4 Qc8
30.Rd1 Nf8 31.Re1 Qd7 32.Rd1 Rd8 33.Rxb7 Qxd5 34.Rxd5 Rxb7 35.Rxd8 Rxb3 36.hxg5 hxg5
37.Ra8 Rxc3 38.Rxa6 Rc1+ 39.Kh2 Rc2 40.Rd6 Kh7 41.Nd2 Kg6 42.Bxe5 Rxd2 43.Rxd2 fxe5
44.f3 Ne6 45.Rd6 Kf5 46.g4+ Kf6 47.Kg2 Bf8 48.Ra6 Bc5 49.Kf1 Ke7  1/2-1/2

[Event "5th IECC"]
[Site "Antalya TUR"]
[Date "2004.05.28"]
[Round "12"]
[White "Idrizaj,A"]
[Black "Atakisi,U"]
[Result "1/2-1/2"]
[WhiteElo "2249"]
[BlackElo "2344"]

1.e4 c5 2.c3 Nf6 3.e5 Nd5 4.d4 cxd4 5.cxd4 Nc6 6.Bc4 Nb6 7.Bb3 d6 8.Nf3 dxe5
9.Nxe5 Nxe5 10.dxe5 Qxd1+ 11.Bxd1 Bd7 12.Bf3 Rc8 13.Nc3 Bc6 14.Bxc6+ Rxc6
15.O-O e6 16.Ne4 Nd7 17.Be3 a6 18.f4 Nc5 19.Nxc5 Bxc5 20.Bxc5 Rxc5 21.Rac1 Rxc1
22.Rxc1 Kd7 23.Kf2 h6 24.Ke3 g5 25.g3 Rg8 26.Kf3 Rg6 27.Rd1+ Kc7 28.Rc1+ Kd7
29.Rd1+ Kc7 30.Rc1+  1/2-1/2

[Event "5th IECC"]
[Site "Antalya TUR"]
[Date "2004.05.28"]
[Round "12"]
[White "Jonkman,H"]
[Black "Hulak,K"]
[Result "0-1"]
[WhiteElo "2421"]
[BlackElo "2550"]

1.e4 c5 2.c3 Nf6 3.e5 Nd5 4.Nf3 e6 5.d4 cxd4 6.cxd4 d6 7.Bc4 Nc6 8.O-O Be7
9.Qe2 O-O 10.Qe4 Qc7 11.h4 Kh8 12.Bg5 f6 13.exd6 Bxd6 14.Bd2 Qf7 15.Nc3 Nce7
16.Rfe1 Bd7 17.Qc2 Rad8 18.Qb3 Bc8 19.Re2 Bb8 20.Rae1 Nc6 21.Ne4 Nb6 22.Bc3 Nxc4
23.Qxc4 Qc7 24.Nc5 Nxd4 25.Bxd4 b6 26.b4 bxc5 27.Qxc5 Qf7 28.Qc2 e5 29.Bc5 Rfe8
30.Qe4 h6 31.a4 f5 32.Qe3 e4 33.Nd4 Qg6 34.f4 Bb7 35.g3 Rd5 36.Rd2 Red8 37.Red1 a6
38.Kh2 Kh7 39.Qe2 R8d7 40.Nc2 Rd3 41.Ne3 Qe6 42.Kh3 Qb3 43.Nxf5 Rxd2 44.Rxd2 Rxd2
45.Qxd2 Bc8 46.Qd8 Bxf5+ 47.Kh2 e3  0-1

[Event "5th IECC"]
[Site "Antalya TUR"]
[Date "2004.05.28"]
[Round "12"]
[White "Gashimov,V"]
[Black "Halkias,S"]
[Result "1-0"]
[WhiteElo "2565"]
[BlackElo "2541"]

1.e4 c5 2.c3 Nf6 3.e5 Nd5 4.d4 cxd4 5.Nf3 Nc6 6.Bc4 Nb6 7.Bb3 d5 8.exd6 Qxd6
9.Na3 a6 10.cxd4 e6 11.O-O Be7 12.Be3 O-O 13.Ne5 Nb4 14.Rc1 N4d5 15.Nac4 Nxc4
16.Nxc4 Qd8 17.Ne5 Bf6 18.Qf3 Rb8 19.Ng4 Bh4 20.Nh6+ gxh6 21.Bxh6 f5 22.Bxd5 exd5
23.Bxf8 Kxf8 24.Rfe1 Bd7 25.Qxd5 Bc6 26.Qxf5+ Qf6 27.Qc5+ Kg7 28.g3 Bg5 29.f4 Bxf4
30.gxf4 Rg8 31.Rc3 Kf7+ 32.Rg3 Qh4 33.Qc4+  1-0

[Event "TCh-BIH"]
[Site "Neum BIH"]
[Date "2004.05.29"]
[Round "1"]
[White "Savic,Miod1"]
[Black "Filipovic,Br"]
[Result "1/2-1/2"]
[WhiteElo "2529"]
[BlackElo "2376"]

1.e4 c5 2.c3 Nf6 3.e5 Nd5 4.Nf3 d6 5.exd6 e6 6.g3 Bxd6 7.Bg2 Nc6 8.d4 O-O
9.O-O cxd4 10.Nxd4 Bd7 11.Nb3 Qc7 12.c4 Nf6 13.Nc3 a6 14.Be3 Ne7 15.Rc1 Bc6
16.Bh3 Be5 17.Qe2 Rfd8 18.Rfe1 Ng6 19.Nd2 Bd4 20.b3 Bxe3 21.Qxe3 Ne5 22.Qxe5 Qxe5
23.Rxe5 Rxd2 24.Re2  1/2-1/2

[Event "57th ch-RUS Qualifier"]
[Site "St Petersburg RUS"]
[Date "2004.05.29"]
[Round "8"]
[White "Silivanov,S"]
[Black "Kurnosov,I"]
[Result "0-1"]
[WhiteElo "2291"]
[BlackElo "2543"]

1.e4 c5 2.c3 Nf6 3.e5 Nd5 4.Nf3 Nc6 5.Bc4 Nb6 6.Bb3 c4 7.Bc2 Qc7 8.Qe2 g5
9.e6 dxe6 10.Nxg5 Qe5 11.Ne4 f5 12.Ng3 Bh6 13.O-O Qxe2 14.Nxe2 e5 15.b3 cxb3
16.axb3 Be6 17.d3 Bxc1 18.Rxc1 Rg8 19.Nd2 O-O-O 20.b4 a6 21.Rcb1 e4 22.d4 Na7
23.Nf4 Bf7 24.Bb3 Bxb3 25.Nxb3 Kb8 26.Nc5 Nb5 27.Rc1 Nc4 28.g3 Rd6 29.Kg2 Rc8
30.Nce6 Nd2 31.Rc2 Nf3 32.Rac1 Nbxd4 33.Nxd4 Rxd4 34.g4 Rd6 35.gxf5 Rf6 36.Nh5 Rh6
37.Ng3 Rxh2+ 38.Kf1 Rc4 39.Ke2 Ne5 40.Rh1 Rxh1 41.Nxh1 h5 42.Rd2 Nc6 43.Rd1 h4
44.Kd2 Ne5 45.Kc2 Nf3 46.Kb3 Rc8 47.c4 Kc7 48.c5 Rf8 49.Kc4 Rxf5 50.b5 axb5+
51.Kxb5 b6 52.Kb4 bxc5+ 53.Kc4 Rg5 54.Ra1 Kd6 55.Ra6+ Ke5 56.Ra1 Kf4  0-1

[Event "5th IECC Playoff Qualification"]
[Site "Antalya TUR"]
[Date "2004.05.30"]
[Round "2"]
[White "Gashimov,V"]
[Black "Agrest,E"]
[Result "1/2-1/2"]
[WhiteElo "2565"]
[BlackElo "2601"]

1.e4 c5 2.c3 Nf6 3.e5 Nd5 4.d4 cxd4 5.Nf3 e6 6.cxd4 d6 7.exd6 Bxd6 8.Bd3 Nc6
9.O-O Qc7 10.a3 Bf4 11.Nc3 Nxc3 12.bxc3 O-O 13.Qe2 Bxc1 14.Raxc1 Qf4 15.g3 Qf6
16.Qe4 g6 17.Qe3 Bd7 18.h4 Rfe8 19.Rfe1 Rac8 20.h5 gxh5 21.Ng5 h6 22.Ne4 Qg7
23.Nd6 Ne7 24.Qe5 Nd5 25.Qxg7+ Kxg7 26.c4 Nf6 27.Rb1 Red8 28.Nxc8 Bxc8 29.Be4 b6
30.d5 exd5 31.Bxd5 Nxd5 32.Rbd1 Be6 33.Re5 Kf6 34.Rxh5 Rh8 35.Rhxd5 Bxd5
36.Rxd5 Rc8 37.Rd7 Rxc4 38.Rxa7 b5 39.Kg2 Rc3 40.Kh3 Rf3 41.Ra5 Rb3 42.Ra6+ Kg7
43.Kg4 b4 44.axb4 Rxb4+ 45.f4 Rb5 46.Rc6 Ra5 47.Rb6 Rc5 48.Kh4 Ra5 49.Rb3 Kg6
50.Re3 Rh5+ 51.Kg4 Ra5 52.Re8 Kg7 53.Rb8 Rc5 54.Rb6 Ra5 55.f5 Ra1 56.Rb4 Rf1
57.Rf4 Rh1 58.Ra4 Rf1 59.Ra6 Rf2 60.Ra5 Kf6 61.Ra6+ Kg7 62.Rb6  1/2-1/2

[Event "Memorial Day Classic"]
[Site "Glendale USA"]
[Date "2004.05.31"]
[Round "6"]
[White "Sevillano,E"]
[Black "Taylor,T"]
[Result "1-0"]
[WhiteElo "2467"]
[BlackElo "2295"]

1.e4 c5 2.c3 Nf6 3.e5 Nd5 4.d4 cxd4 5.Nf3 e6 6.cxd4 d6 7.Nc3 Nxc3 8.bxc3 Nc6
9.exd6 Bxd6 10.Bd3 h6 11.O-O O-O 12.Rb1 e5 13.dxe5 Nxe5 14.Nxe5 Bxe5 15.Ba3 Re8
16.Bb5 Bf5 17.Bxe8 Bxb1 18.Bxf7+ Kxf7 19.Qb3+ Kf6 20.Qxb1 Qc7 21.h4 Rc8 22.Re1 Qd7
23.h5 Qf5 24.f4  1-0

[Event "TCh-BIH"]
[Site "Neum BIH"]
[Date "2004.06.01"]
[Round "4"]
[White "Sekulic,V"]
[Black "Predojevic,B"]
[Result "0-1"]
[WhiteElo "2295"]
[BlackElo "2490"]

1.e4 c5 2.c3 Nf6 3.e5 Nd5 4.Nf3 e6 5.Bc4 Nc6 6.d4 cxd4 7.cxd4 d6 8.O-O Be7
9.Qe2 O-O 10.Re1 a6 11.Nc3 Nxc3 12.bxc3 dxe5 13.dxe5 b5 14.Bd3 Bb7 15.Qe4 g6
16.Bh6 Re8 17.Rad1 Nb4 18.Qxb7 Nxd3 19.Kf1 Nc5 20.Rxd8 Nxb7 21.Rxa8 Rxa8
22.Rd1 Rd8 23.Rxd8+ Bxd8 24.Be3 Na5 25.Nd2 Bc7 26.f4 g5 27.g3 gxf4 28.gxf4 Kg7
29.Ke2 f6 30.exf6+ Kxf6 31.Kf3 Kf5 32.Ne4 Nc4 33.Ng3+ Kg6 34.Bd4 Bd6 35.Ne4 Be7
36.h3 a5 37.Nf2 Kf5 38.Ng4 h5 39.Nf2 Bd6 40.Nd3 Bc7 41.Bc5 e5 42.fxe5 Nxe5+
43.Ke3 Nc4+ 44.Kd4 Ne5 45.Nxe5 Bxe5+ 46.Kd3 Kf4 47.Be7 Kg3 48.h4 Kg4 49.c4 bxc4+
50.Kxc4 Bg3 51.Bd8 a4 52.Kb4 Bxh4 53.Bc7 Be1+ 54.Kxa4 h4 55.Kb5 Bg3 56.Bb6 h3
57.Bg1 Kf3  0-1

[Event "TCh-BIH"]
[Site "Neum BIH"]
[Date "2004.06.01"]
[Round "4"]
[White "Golubovic,B"]
[Black "Ilincic,Z"]
[Result "1-0"]
[WhiteElo "2424"]
[BlackElo "2538"]

1.e4 c5 2.c3 Nf6 3.e5 Nd5 4.Nf3 Nc6 5.d4 cxd4 6.cxd4 e6 7.Bc4 Nb6 8.Bb3 d6
9.Qe2 Be7 10.O-O O-O 11.Nc3 d5 12.Bc2 f5 13.exf6 Bxf6 14.Qd3 g6 15.Bh6 Rf7
16.Bb3 a5 17.a3 a4 18.Ba2 Ra5 19.Rad1 Bd7 20.Rfe1 Qb8 21.Qe3 Ne7 22.Bf4 Qf8
23.Bc7 Ra6 24.Ne5 Nf5 25.Qh3 Bxe5 26.Bxe5 Qh6 27.Qd3 Nc8 28.Ne2 Rb6 29.Qc3 Nfd6
30.Ng3 Rc6 31.Qa5 Rc2 32.Re2 b6 33.Qe1 Rc6 34.h3 Nc4 35.Bxc4 Rxc4 36.Nf1 Ne7
37.Ne3 Rc8 38.Ng4 Qf8 39.Bd6 Qe8 40.Nh6+ Kg7 41.Nxf7 Kxf7 42.Bxe7 Qxe7 43.Rc1 Rxc1
44.Qxc1 Bb5 45.Qf4+ Qf6 46.Qxf6+ Kxf6 47.Re5 Bc4 48.h4 Bd3 49.f3 h6 50.Kf2 b5
51.Ke3 Bb1 52.Kd2 Ke7 53.Kc3 Kd6 54.g4 Ba2 55.f4 Bb1 56.h5  1-0

[Event "3rd ACP Blitz Prelim2"]
[Site "playchess.com INT"]
[Date "2004.06.01"]
[Round "21"]
[White "Deviatkin,A"]
[Black "Skripchenko,A"]
[Result "1-0"]
[WhiteElo "2502"]
[BlackElo "2456"]

1.e4 c5 2.c3 Nf6 3.e5 Nd5 4.d4 cxd4 5.Qxd4 e6 6.Nf3 Nc6 7.Qe4 Qc7 8.Bc4 Nde7
9.Bf4 b6 10.Qe2 Bb7 11.Nbd2 Ng6 12.Bg3 Be7 13.h4 h5 14.Bd3 Bc5 15.Ne4 Nd8
16.Nd6+ Bxd6 17.exd6 Qc5 18.O-O-O Bd5 19.Kb1 Nc6 20.Ng5 Nf8 21.c4 Bxg2 22.Rhg1 Nd4
23.Qe5 f6 24.Qxc5 bxc5 25.Rxg2 fxg5 26.Be5 g4 27.Bxg7 Rg8 28.Bxd4 cxd4 29.Be4 Rc8
30.Rxd4 Rc5 31.b4 Re5 32.c5 Ng6 33.Bxg6+ Rxg6 34.Rf4 Re2 35.Rg1 e5 36.Rf5 e4
37.b5 Re6 38.Rd1 e3 39.fxe3 R6xe3 40.c6 Re4 41.c7 Rb4+ 42.Ka1 Rc4 43.Rxh5 Rcc2
44.Rh8+ Kf7 45.c8=Q Rxa2+ 46.Kb1 Rab2+ 47.Kc1  1-0

[Event "TCh-BIH"]
[Site "Neum BIH"]
[Date "2004.06.03"]
[Round "6"]
[White "Savic,Miod1"]
[Black "Bistric,F"]
[Result "0-1"]
[WhiteElo "2529"]
[BlackElo "2488"]

1.e4 c5 2.c3 Nf6 3.e5 Nd5 4.Nf3 e6 5.g3 Nc6 6.Bg2 Qc7 7.O-O Be7 8.Re1 O-O
9.c4 Nb6 10.d3 Rd8 11.Nc3 d5 12.exd6 Qxd6 13.Bf1 e5 14.Nb5 Qb8 15.Qe2 f6
16.Be3 Be6 17.Bg2 Qc8 18.Nc3 Bg4 19.Rad1 Qf5 20.Ne4 Nd7 21.h3 Bxh3 22.Nh4 Qe6
23.Bxh3 Qxh3 24.Qf3 g6 25.Nc3 f5 26.Qg2 Qxg2+ 27.Nxg2 Kf7 28.Nd5 Bd6 29.f3 Re8
30.Kf2 Nf6 31.Nc3 b6 32.Bg5 Nd4 33.Ne3 Rac8 34.Rh1 Rh8 35.Bxf6 Kxf6 36.g4 h5
37.gxf5 gxf5 38.Rdg1 Rh6 39.Ncd5+ Ke6 40.Rg7 h4 41.Rhg1 Rch8 42.Ng2 R8h7
43.Rxh7 Rxh7 44.Nge3 Rh6 45.Rh1 Be7 46.Rh3 Bg5 47.Ng2 f4 48.Nc3 Be7 49.Nd5 Bd8
50.b3 Rh7 51.Nc3 Nf5 52.Ne4 Rd7 53.Ne1 Ne3 54.Rh1 Nf5 55.Rg1 Ng3 56.Rg2 h3
57.Rh2 Nxe4+ 58.dxe4 Rd2+ 59.Kg1 Rd1 60.Kf1 Bh4 61.Rxh3 Rxe1+ 62.Kg2 Bf6  0-1

[Event "1st Asean IM"]
[Site "Bangkok THA"]
[Date "2004.06.04"]
[Round "1"]
[White "Nay Oo Kyaw Tun"]
[Black "Yeo Min Yang,E"]
[Result "1-0"]
[WhiteElo "2431"]
[BlackElo "2246"]

1.e4 c5 2.c3 Nf6 3.e5 Nd5 4.Nf3 e6 5.d4 cxd4 6.cxd4 d6 7.Bc4 Bd7 8.Bxd5 exd5
9.Nc3 dxe5 10.Nxe5 Bb4 11.Bd2 Bxc3 12.Bxc3 O-O 13.O-O f6 14.Nd3 Bb5 15.Re1 Bxd3
16.Qxd3 Nc6 17.Qf5 Rf7 18.Re3 Qd7 19.Qf3 Re7 20.Rxe7 Nxe7 21.Re1 Rc8 22.h3 Ng6
23.g3 Rc6 24.h4 Re6 25.Rxe6 Qxe6 26.h5 Ne7 27.Qf4 Nc6 28.Qc7 Qe7 29.Qc8+ Kf7
30.Qf5 Qe6 31.Qxh7 Qe4 32.Qxe4 dxe4 33.d5 Ne7 34.d6 Nf5 35.d7 Ke7 36.g4 Nh4
37.Kh2 Kxd7 38.Kg3 Nf3 39.Kf4 Ng5 40.h6 gxh6 41.Bxf6 Nh3+ 42.Ke3 b5 43.Bd4 a5
44.Kxe4 Ke6 45.f4 a4 46.a3 Kd6 47.Ba7 Kc6 48.Kf3  1-0

[Event "TCh-BIH"]
[Site "Neum BIH"]
[Date "2004.06.05"]
[Round "8"]
[White "Filipovic,Br"]
[Black "Feletar,D"]
[Result "1/2-1/2"]
[WhiteElo "2376"]
[BlackElo "2395"]

1.e4 c5 2.c3 Nf6 3.e5 Nd5 4.d4 cxd4 5.Nf3 Nc6 6.Bc4 Nb6 7.Bb3 d5 8.exd6 Qxd6
9.Na3 dxc3 10.Qxd6 exd6 11.Nb5 Rb8 12.bxc3 Be6 13.Bf4 Rd8 14.O-O-O d5 15.Rhe1 Be7
16.Nc7+ Kd7 17.Bxd5 Nxd5 18.Nxd5 Bxd5 19.Rxd5+ Kc8 20.Rxd8+  1/2-1/2

[Event "1st Asean IM"]
[Site "Bangkok THA"]
[Date "2004.06.08"]
[Round "6"]
[White "Nay Oo Kyaw Tun"]
[Black "Wynn Zaw Htun"]
[Result "1/2-1/2"]
[WhiteElo "2431"]
[BlackElo "2430"]

1.e4 c5 2.c3 Nf6 3.e5 Nd5 4.d4 cxd4 5.Nf3 Nc6 6.Bc4 Nb6 7.Bb3 d6 8.exd6 Qxd6
9.O-O Be6 10.Bxe6 Qxe6 11.Nxd4 Nxd4 12.Qxd4 Rd8 13.Qh4 Qe2 14.Be3 Qxb2 15.Nd2 Rxd2
16.Bxd2 Qxd2 17.Rfd1 Qh6 18.Qg3 Qc6 19.Rab1 f6 20.Qb8+ Kf7  1/2-1/2

[Event "Dake Mem"]
[Site "McMinnville USA"]
[Date "2004.06.13"]
[Round "9"]
[White "Roper,D"]
[Black "Stanford,M"]
[Result "1/2-1/2"]
[WhiteElo "2292"]
[BlackElo "2176"]

1.e4 c5 2.c3 Nf6 3.e5 Nd5 4.d4 cxd4 5.Nf3 e6 6.cxd4 b6 7.a3 Bb7 8.Bd3 d6
9.O-O Nd7 10.Re1 Be7 11.Qe2 O-O 12.Qe4 g6 13.Bh6 Re8 14.Qg4 Rc8 15.Nbd2 Nf8
16.Be4 Rc7 17.Qg3 dxe5 18.dxe5 f5 19.exf6 Bxf6 20.Ne5 Ne7 21.Rad1 Nf5 22.Bxf5 exf5
23.Ndf3 Qc8 24.h4 Bxf3 25.Nxf3 Rxe1+ 26.Rxe1 Bxb2 27.h5 Bg7 28.Bxg7 Rxg7
29.h6 Rd7 30.Ng5 Qc4 31.Qb8 Qh4 32.Ne6 Qe7 33.Nxf8 Qxe1+ 34.Kh2 Re7 35.Nxg6+ Kf7
36.Nh8+ Kf6 37.Qf8+ Kg5 38.Nf7+ Kh5 39.Qg7 Rxf7 40.Qxf7+ Kxh6 41.Qf6+ Kh5
42.Qxf5+ Kh6 43.Qf6+ Kh5 44.Qg7 Qxf2 45.Qxh7+ Kg5 46.Qg7+ Kh5 47.Qh7+  1/2-1/2

[Event "II Young Stars of the World"]
[Site "Kirishi RUS"]
[Date "2004.06.18"]
[Round "1"]
[White "Lintchevski,D"]
[Black "Kuzubov,Y"]
[Result "0-1"]
[WhiteElo "2248"]
[BlackElo "2475"]

1.e4 c5 2.c3 Nf6 3.e5 Nd5 4.Nf3 Nc6 5.d4 cxd4 6.Bc4 Nb6 7.Bb3 d5 8.exd6 Qxd6
9.O-O Be6 10.Bxe6 Qxe6 11.Nxd4 Nxd4 12.Qxd4 Rd8 13.Qh4 Qe2 14.Be3 Qxb2 15.Nd2 Rxd2
16.Rab1 Qxc3 17.Bxd2 Qxd2 18.Rfd1 Qa5 19.Qe4 f6 20.Qxb7 g5 21.Re1 Kf7 22.Re2 h5
23.Rbe1 h4 24.h3 Nd5 25.Qb3 Kg7 26.Re4 Nf4 27.Rd1 Qf5 28.f3 Qc5+ 29.Qe3 Qxe3+
30.Rxe3 e6 31.Rc1 Bd6 32.Kf1 Rb8 33.Rb3 Rxb3 34.axb3 Kf7 35.b4 Be5  0-1

[Event "VI Comunic CXSP"]
[Site "Sao Paulo BRA"]
[Date "2004.06.19"]
[Round "6"]
[White "Madeira,W"]
[Black "Fernandez,D"]
[Result "1/2-1/2"]
[WhiteElo "2263"]
[BlackElo "2317"]

1.e4 c5 2.c3 Nf6 3.e5 Nd5 4.d4 cxd4 5.Nf3 e6 6.cxd4 b6 7.a3 Bb7 8.Bd3 d6
9.O-O Nd7 10.Re1 Qc7 11.Nbd2 Nf4 12.Be4 dxe5 13.dxe5 Nc5 14.Bxb7 Qxb7 15.Nb3 Nd5
16.Be3 Nxe3 17.Rxe3 Rd8 18.Qe2 Qd5 19.Nbd4 g5 20.Nb5 Qd7 21.Nxg5 a6 22.Nc3 Bh6
23.Nge4 Nxe4 24.Nxe4 Ke7 25.Rh3 Bf4 26.Rf1 Qd4  1/2-1/2

[Event "II Young Stars of the World"]
[Site "Kirishi RUS"]
[Date "2004.06.20"]
[Round "3"]
[White "Zhigalko,S"]
[Black "Khairullin,I"]
[Result "1-0"]
[WhiteElo "2486"]
[BlackElo "2481"]

1.e4 c5 2.c3 Nf6 3.e5 Nd5 4.Nf3 Nc6 5.Bc4 Nb6 6.Bb3 c4 7.Bc2 Qc7 8.Qe2 g5
9.e6 f6 10.Na3 dxe6 11.Nb5 Qb8 12.d4 cxd3 13.Bxd3 g4 14.Nfd4 Ne5 15.Bc2 a6
16.Na3 Bd7 17.h3 Qd6 18.hxg4 O-O-O 19.Bd2 Nxg4 20.O-O-O Ne5 21.Rhe1 Rg8 22.g3 Kb8
23.Kb1 Rc8 24.Bc1 Nd5 25.f4 Nc6 26.c4 Nxd4 27.Rxd4 Qb6 28.Rd3 Bc6 29.cxd5 Bxd5
30.Bb3 Qc6 31.Bxd5 exd5 32.Qe6 Qxe6 33.Rxe6 Rc6 34.f5  1-0

[Event "II Young Stars of the World"]
[Site "Kirishi RUS"]
[Date "2004.06.20"]
[Round "3"]
[White "Lintchevski,D"]
[Black "Sjugirov,S"]
[Result "1-0"]
[WhiteElo "2248"]
[BlackElo "2260"]

1.e4 c5 2.c3 Nf6 3.e5 Nd5 4.d4 cxd4 5.Nf3 Nc6 6.Bc4 Nb6 7.Bb3 d6 8.exd6 Qxd6
9.O-O Be6 10.Bxe6 Qxe6 11.Nxd4 Nxd4 12.Qxd4 Rd8 13.Qb4 Qe2 14.a4 e6 15.Qb5+ Qxb5
16.axb5 Nc8 17.Be3 b6 18.Nd2 f6 19.Rfd1 Be7 20.Kf1 Kf7 21.Ke2 g5 22.b3 h6
23.Nf3 e5 24.g4 Ke6 25.h3 h5 26.Rxd8 Rxd8 27.Nd2 Rd7 28.c4 h4 29.Ne4 Nd6
30.Nc3 Nc8 31.f3 Bb4 32.Nd5 Bd6 33.Ra4 Bf8 34.Ra6 Bd6 35.b4 Bf8 36.Bd2 Kf7
37.Ra2 Ke6 38.Rc2 Bd6 39.Be3 Bf8 40.Bd2 Bd6 41.Bc3 Bf8 42.Rd2 Nd6 43.Ne3 Rc7
44.Kd3 Rc8 45.Ra2 Rc7 46.Be1 Be7 47.Rc2 Rd7 48.Ke2 Bf8 49.Rd2 Rc7 50.Kd3 Rc8
51.Rc2 Rc7 52.Rc3 Nc8 53.Nd5 Rd7 54.Kc2 Nd6 55.Ne3 Rc7 56.Kb3 Nc8 57.Rd3 Nd6
58.Bf2 Rc8 59.Rc3 Be7 60.Ka4 Nb7 61.Nf5 Bf8 62.Kb3 Rc7 63.Rd3 Rc8 64.Rd2 Rc7
65.Rd1 Kf7 66.Ra1 Nd6 67.Nxd6+ Bxd6 68.Rc1 Rd7 69.c5 Bc7 70.Kc3 Ke6 71.Rc2 e4
72.fxe4 Be5+ 73.Kc4 Rd1 74.cxb6 axb6 75.Bxb6 Rh1 76.Bd4 Bd6 77.Rc3 Rb1 78.Bc5 Be5
79.Rd3 Rc1+ 80.Kb3 Rb1+ 81.Kc2 Rb2+ 82.Kc1 Rh2 83.b6 Bf4+ 84.Kb1 Rh1+ 85.Kc2 Rh2+
86.Kb3 Be5 87.b7 Rb2+ 88.Kc4 Bb8 89.Bd6 Ba7 90.b8=Q  1-0

[Event "II Young Stars of the World"]
[Site "Kirishi RUS"]
[Date "2004.06.20"]
[Round "3"]
[White "Andreikin,D"]
[Black "Kuzubov,Y"]
[Result "1/2-1/2"]
[WhiteElo "2418"]
[BlackElo "2475"]

1.e4 c5 2.c3 Nf6 3.e5 Nd5 4.d4 cxd4 5.Nf3 Nc6 6.cxd4 d6 7.Bc4 e6 8.O-O Be7
9.Qe2 Nb6 10.Bb3 O-O 11.Nc3 Bd7 12.Bf4 d5 13.Bc2 Nc4 14.Bd3 Rc8 15.Bxc4 dxc4
16.a3 Na5 17.d5 exd5 18.Nxd5 Bf5 19.Nxe7+ Qxe7 20.Qe3  1/2-1/2

[Event "II Young Stars of the World"]
[Site "Kirishi RUS"]
[Date "2004.06.22"]
[Round "5"]
[White "Nepomniachtchi,I"]
[Black "Khairullin,I"]
[Result "0-1"]
[WhiteElo "2445"]
[BlackElo "2481"]

1.e4 c5 2.c3 Nf6 3.e5 Nd5 4.d4 cxd4 5.Nf3 Nc6 6.Bc4 Nb6 7.Bb3 g6 8.cxd4 Bg7
9.a4 d5 10.Nc3 Bg4 11.Be3 Na5 12.Ba2 Nbc4 13.Qe2 e6 14.O-O O-O 15.b4 Nc6
16.Rab1 Rc8 17.Nb5 Bf5 18.Rb3 a6 19.Nc3 f6 20.h3 fxe5 21.dxe5 Nxe3 22.fxe3 Nxe5
23.e4 Nxf3+ 24.Rxf3 dxe4 25.Re3 Bd4 26.Kh2 Qd6+ 27.Kh1 Qf4 28.Nd1 Bxe3 29.Rxe3 Rc1
30.Bb3 Rd8 31.g4 Rd3 32.Bxe6+ Bxe6 33.Rxd3 exd3 34.Qxe6+ Kf8 35.Kg2 Rc2+  0-1

[Event "TCh-CRO"]
[Site "Rabac CRO"]
[Date "2004.06.22"]
[Round "2"]
[White "Pavasovic,D"]
[Black "Cvitan,O"]
[Result "1/2-1/2"]
[WhiteElo "2591"]
[BlackElo "2524"]

1.e4 c5 2.c3 Nf6 3.e5 Nd5 4.Nf3 e6 5.Bc4 d6 6.d4 cxd4 7.cxd4 Nc6 8.O-O Be7
9.Qe2 O-O 10.Qe4 Qc7 11.Re1 Bd7 12.Bg5 Ncb4 13.Nbd2 Bc6 14.a3 Nb6 15.Qh4 N4d5
16.Bd3 h6 17.Bxe7 Nxe7 18.Rac1 Rac8 19.Ne4 dxe5 20.dxe5 Qd8 21.Bb1 Nf5 22.Qg4 Nd7
23.Nc3 Qb6  1/2-1/2

[Event "XVIII Open"]
[Site "Pula CRO"]
[Date "2004.06.23"]
[Round "5"]
[White "Godena,M"]
[Black "Kutuzovic,B"]
[Result "1-0"]
[WhiteElo "2533"]
[BlackElo "2378"]

1.e4 c5 2.c3 Nf6 3.e5 Nd5 4.Nf3 d6 5.d4 cxd4 6.cxd4 Nc6 7.Bc4 Nb6 8.Bb5 Bd7
9.Nc3 dxe5 10.dxe5 g6 11.Bf4 Bg7 12.O-O O-O 13.Re1 Qc8 14.h3 Rd8 15.Qc1 Nb4
16.Bxd7 Qxd7 17.e6 fxe6 18.Ne5 Qe8 19.a3 Nc6 20.Nxc6 Qxc6 21.Be5 Bf6 22.Qf4 Nd7
23.Bxf6 exf6 24.Ne4 e5 25.Qf3 Kg7 26.Rac1 Qb6 27.Red1 Nf8 28.Nxf6 Rxd1+ 29.Rxd1 Qc6
30.Ne4 Re8 31.Kh2 Qc7 32.Qf6+ Kg8 33.Rd3 Re6 34.Qf3 Kg7 35.Rc3 Rc6 36.Qf6+ Rxf6
37.Rxc7+ Rf7 38.Rxf7+ Kxf7 39.Nd6+ Ke6 40.Nxb7 Kd5 41.Kg3 Ne6 42.Kf3 Kd4
43.Na5 e4+ 44.Kg3 a6 45.b4 g5 46.a4 h5 47.h4 g4 48.b5 axb5 49.axb5 Kc5 50.Nb7+ Kd5
51.b6 Kc6 52.Na5+ Kxb6 53.Nc4+ Kc5 54.Ne5 Kd4 55.Nd7 e3 56.fxe3+ Kxe3 57.Nf6 Ng7
58.Nxh5 Nxh5+ 59.Kxg4 Nf6+ 60.Kf5 Ng8 61.g4 Kf3 62.g5 Ne7+ 63.Kf6 Nd5+ 64.Kf7 Kf4
65.g6 Ne3 66.h5 Nf5 67.g7 Nh6+ 68.Kg6 Nf5 69.h6  1-0

[Event "XVIII Open"]
[Site "Pula CRO"]
[Date "2004.06.23"]
[Round "6"]
[White "Mikac,M"]
[Black "Dorfanis,I"]
[Result "1/2-1/2"]
[WhiteElo "2357"]
[BlackElo "2151"]

1.e4 c5 2.c3 Nf6 3.e5 Nd5 4.Nf3 Nc6 5.d4 cxd4 6.cxd4 d6 7.Bc4 Nb6 8.Bb5 dxe5
9.Nxe5 Bd7 10.Nxd7 Qxd7 11.Nc3 e6 12.O-O Be7 13.Qg4 O-O 14.Rd1 Rfd8 15.Bh6 Bf8
16.Bg5 Be7 17.d5 exd5 18.Qxd7 Rxd7 19.Bxe7 Rxe7 20.Nxd5 Nxd5 21.Rxd5 a6 22.Bxc6 bxc6
23.Rd2 Re5 24.Rc1 g6 25.Kf1 Ra5 26.b3 Rc8 27.Rcc2 Kg7 28.h4 h5 29.Rd6 Ra3
30.Rd4 a5 31.Ke2 Kf6 32.Kd3 c5 33.Rf4+ Ke5 34.Rfc4 a4 35.Kc3 axb3 36.axb3 Rb8
37.Re2+ Kd6 38.Rd2+ Kc6 39.Rb2 Rb7 40.Rf4 f5 41.f3 Ra1 42.g4 fxg4 43.fxg4 Re7
44.Rc2 Rg1 45.gxh5 gxh5 46.Rf5 Rg4 47.Rxh5 Ree4 48.Kb2 Rxh4 49.Rhxc5+ Kb6
50.Rc6+ Kb7 51.R6c3 Rb4 52.Rg2 Rhg4 53.Rgc2 Rb6 54.Rc7+ Ka6 55.R2c3 Rg2+
56.Ka3 Rg4 57.Rc8  1/2-1/2

[Event "TCh-CRO"]
[Site "Rabac CRO"]
[Date "2004.06.24"]
[Round "6"]
[White "Sermek,D"]
[Black "Bilobrk,F"]
[Result "1-0"]
[WhiteElo "2546"]
[BlackElo "2338"]

1.e4 c5 2.c3 Nf6 3.e5 Nd5 4.Nf3 Nc6 5.Bc4 Nb6 6.Bb3 d5 7.exd6 Qxd6 8.Na3 Be6
9.d4 Bxb3 10.Qxb3 cxd4 11.Nb5 Qd7 12.Nbxd4 Nxd4 13.Nxd4 e6 14.O-O Be7 15.Rd1 O-O
16.Be3 Qd5 17.Nb5 Qc6 18.Nxa7 Rxa7 19.Qxb6 Qxb6 20.Bxb6 Ra6 21.Be3 Bd6 22.Rd2 f5
23.Rad1 Bc7 24.Rd7 Rc6 25.f4 Rf7 26.Rxf7 Kxf7 27.Rd7+ Kf8 28.Kf2 b5 29.Kf3 h6
30.h4 g5 31.fxg5 hxg5 32.hxg5 Ke8 33.g6 e5 34.g7 e4+ 35.Ke2  1-0

[Event "Summer IV"]
[Site "Alushta UKR"]
[Date "2004.06.25"]
[Round "11"]
[White "Kovalev,A"]
[Black "Shtyrenkov,V"]
[Result "1/2-1/2"]
[WhiteElo "2557"]
[BlackElo "2449"]

1.e4 c5 2.c3 Nf6 3.e5 Nd5 4.d4 cxd4 5.Nf3 Nc6 6.Bc4 Nb6 7.Bb3 d5 8.exd6 Qxd6
9.O-O Be6 10.Bxe6 Qxe6 11.Nxd4 Nxd4 12.cxd4 Qd7 13.Nc3 e6 14.Qg4 Rd8 15.Rd1 Nd5
16.Bg5 Rc8 17.Nxd5 Qxd5 18.Rac1 Rc6 19.Rxc6 bxc6 20.b3  1/2-1/2

[Event "II Young Stars of the World"]
[Site "Kirishi RUS"]
[Date "2004.06.25"]
[Round "7"]
[White "Howell,D"]
[Black "Sjugirov,S"]
[Result "1/2-1/2"]
[WhiteElo "2332"]
[BlackElo "2260"]

1.e4 c5 2.c3 Nf6 3.e5 Nd5 4.d4 cxd4 5.cxd4 Nc6 6.Nf3 d6 7.Bc4 e6 8.O-O Be7
9.Qe2 O-O 10.Qe4 Ndb4 11.exd6 Qxd6 12.Nc3 f5 13.Qe2 Na5 14.Bg5 Bxg5 15.Nxg5 Nxc4
16.Qxc4 Bd7 17.a3 Na6 18.Rfe1 Nc7 19.Rac1 Rac8 20.Qb3 b6 21.Nf3 Bc6 22.Ne5 Bb7
23.Qa4 Ra8 24.Red1 Rfd8 25.f3 Rdc8 26.Kf2 Nd5 27.Nxd5 Rxc1 28.Rxc1 Bxd5 29.Qa6 Qd8
30.g3 h6 31.Qd3 Rc8 32.Rc3 Kh7 33.h4 Bb7 34.Rxc8 Qxc8 35.Qc4 Qe8 36.Qc7 Bd5
37.Qxa7 Qc8 38.Qxb6 Qc2+ 39.Ke3 Qc1+ 40.Kf2 Qc2+ 41.Ke3 Qc1+ 42.Kd3 Qd1+
43.Kc3 Qe1+ 44.Kc2 Qe2+ 45.Kc1  1/2-1/2

[Event "XVIII Open"]
[Site "Pula CRO"]
[Date "2004.06.25"]
[Round "8"]
[White "Mikac,M"]
[Black "Sejkora,V"]
[Result "1-0"]
[WhiteElo "2357"]
[BlackElo "2206"]

1.e4 c5 2.c3 Nf6 3.e5 Nd5 4.Nf3 Nc6 5.d4 cxd4 6.cxd4 d6 7.Bc4 e6 8.O-O Be7
9.Qe2 O-O 10.Re1 a6 11.Qe4 Kh8 12.exd6 Qxd6 13.Nc3 f5 14.Qd3 Nxc3 15.bxc3 b5
16.Bb3 Bf6 17.Ng5 b4 18.Nxe6 Bxe6 19.Rxe6 Qd7 20.Bb2 bxc3 21.Bxc3 Bxd4 22.Rd1 Rfd8
23.Rxc6 Qxc6 24.Bxd4 Rd7 25.Qc3 Qe4 26.f3 Qe7 27.Re1 Qh4 28.Bf2 Qd8 29.Qe5 Qf8
30.Bc5 Qd8 31.Bf2 Qf8 32.Be6 Re8 33.Bxd7 Rxe5 34.Rxe5  1-0

[Event "TCh-CRO"]
[Site "Rabac CRO"]
[Date "2004.06.25"]
[Round "7"]
[White "Doric,N"]
[Black "Cvitan,O"]
[Result "0-1"]
[WhiteElo "2371"]
[BlackElo "2524"]

1.e4 c5 2.c3 Nf6 3.e5 Nd5 4.g3 d6 5.exd6 e6 6.Bg2 Bxd6 7.Nf3 Nc6 8.O-O O-O
9.d4 cxd4 10.Nxd4 Bd7 11.c4 Nde7 12.Nc3 Be5 13.Be3 Qc8 14.Rc1 Rd8 15.Nf3 Nf5
16.Nxe5 Nxe5 17.Ne4 Nxe3 18.fxe3 Bc6 19.Qh5 f5 20.Ng5 h6 21.Bxc6 Qxc6 22.Nf3 Qe4
23.Nxe5 Qxe3+ 24.Kh1 Qxe5 25.Rce1 Qxb2 26.Rxe6 Rd2 27.Rfe1 Rf8 28.Re8 Rd8
29.Rxd8 Rxd8 30.Qxf5 Qxa2 31.Qe6+ Kh8 32.Qf7 Kh7 33.Qf5+ Kh8 34.Qf7 Qb2 35.Re8+ Rxe8
36.Qxe8+ Kh7 37.Qe4+ g6 38.h4 h5 39.Qd5 Qg7 40.Qc5 Qd7 41.Kh2 b6 42.Qe5 Kg8
43.Qb8+ Kf7 44.Qf4+ Kg7 45.Qe5+ Kg8 46.Qb8+ Kh7 47.Qe5 Qf7 48.Qd4 Qc7 49.Qd5 a5
50.Qb5 Qd6 51.Kg2 Kg7 52.Kh2 Kf7 53.Kg2 Ke7 54.Kh2 Qc5 55.Qa4 Qf2+ 56.Kh3 Kd6
57.Qe8 Qf5+ 58.Kh2 Qc2+ 59.Kh3 Qxc4 60.Qd8+ Kc6 61.Qe8+ Kc5 62.Qe5+ Qd5 63.Qc3+ Kb5
64.Qb2+ Ka6 65.Kh2 Qe4 66.Qc3 a4 67.Qc8+ Ka5 68.Qc3+ Kb5 69.Qb2+ Ka6 70.Qc3 Qe2+
71.Kg1 Kb5 72.Kh1 Qd1+ 73.Kh2 Qe2+ 74.Kg1 Qc4 75.Qb2+ Qb4 76.Qe2+ Ka5 77.Qe8 Qb1+
78.Kh2 Qc2+ 79.Kh1 a3 80.Qa8+ Kb4 81.Qa6 Qc6+ 82.Kh2 Qc2+ 83.Kh1 Qe4+  0-1